00692nam a22001937a 450000500170000001000320001702000310004903500140008003700130009408200080010710000260011524500560014126000790019727000280027630000210030494200220032599900190034795201320036620240301154631.0 aENG-139314 ENG-139313 c1050.00a978-93-93330-09-3 aEN-122845 bDBAD/PUB a510 aKhatri, Vikash962718 aMathematics ; For CBSE Class 11/cBy Vikash Khatri aHimayatnagar , HyderabadbUniversities Press (India) Private Limitedc2023 a3-6-747/1/A & 3-6-754/1 aS.89p.c28cm(pb) 2ddccENh510mKHA c200891d200891 001040718NFICaTNbTNd2024-02-19eDBAD/PUBg1050.00l0o510 KHApEN-122845r2024-02-19 00:00:00t1v1050.00w2024-02-19yEN